Recursos naturales en UNASUR (Registro nro. 7596)

Detalles MARC
000 -CABECERA
Campo de control 00615nam a22001697a 4500
005 - FECHA Y HORA DE LA ULTIMA TRANSACCION
Campo de control 20130820164701.0
008 - ELEMENTOS DE LONGITUD FIJA—INFORMACION GENERAL
Campo de control 130820b cl ||||| |||| 00| 0 spa d
041 ## - IDIOMA
Código de idioma para texto/pista de sonido o título separado Español
044 ## - PAÍS DE PUBLICACIÓN
País de publicación Chile
082 ## - NUMERO DE CLASIFICACION DECIMAL DEWEY
Número de clasificación 333.7
Número del ítem U544r
245 #0 - MENCION DE TITULO
Título Recursos naturales en UNASUR
Parte restante del título Situación y tendencias para una agenda de desarrollo regional
260 ## - PUBLICACION, DISTRIBUCION, ETC. (PIE DE IMPRENTA)
Lugar de publicación, distribución, etc. Santiago de Chile
Nombre del editor, distribuidor, etc. UNASUR
-- CEPAL
Fecha de publicación, distribución, etc. 2013
300 ## - DESCRIPCION FISICA
Extensión 107 p.
Otros detalles físicos tablas, gráficos
Dimensiones 28 cm.
650 6# - ASIENTO SECUNDARIO DE MATERIA - TERMINO TEMATICO
Término temático o nombre geográfico como elemento de entrada Recursos Naturales
Subdivisión geográfica América Latina
-- Región Caribe
650 ## - ASIENTO SECUNDARIO DE MATERIA - TERMINO TEMATICO
Término temático o nombre geográfico como elemento de entrada Conservación de los recursos naturales
Subdivisión geográfica América Latina
-- Región Caribe
942 ## - ELEMENTOS ADICIONALES (KOHA)
Sistema de clasificación Dewey Decimal Classification
Tipo de ítem Impreso
Existencias
Withdrawn status Lost status Sistema de Clasificación Damaged status No para préstamo Colección Inventariado Ubicación Permanente Ubicación actual Fecha de adquisición Fuente de Valor Valor Total Checkouts Número topográfico Inventario / Código de Barras Date last seen Ejemplar Price effective from Tipo de material
    Dewey Decimal Classification     General Inventariado 2017 Bogotá Bogotá 20/08/2013 Instituto 39000.00   LB-333.7 U544r 029655 20/08/2013 Ej. 1 20/08/2013 Libro